Cliquez sur la bonne traduction en allemand - Les légumes - Statistiques

Statistiques générales
  • Ce quiz a été pris 223 fois
  • Le résultat moyen est 10 sur 19
Statistiques - réponses
Hint Réponse % Correct
Carotte Karotte
92%
Broccoli Brokkoli
91%
Artichaut Artischocke
86%
Pomme de terre Kartoffel
82%
Epinards Spinat
82%
Courgette
Zucchini
67%
Poivron Paprika
61%
Chou-fleur Blumenkohl
58%
Laitue Kopfsalat
58%
Radis Rettich
50%
Oignon Zwiebel
48%
Concombre Gurke
44%
Haricots Bohnen
41%
Choux Kraut
40%
Champignon Pilz
35%
Ail Knoblauch
33%
Pois Erbsen
28%
Navet Rübe
27%
Poireau Lauch
24%
Aucun quiz correspondant
Distribution des résultats
% des personnes avec chaque résultat
Percentile par nombre de réponses
Votre historique - résultats
Vous n’avez pas pris ce quiz